000 00393nam a22001577a 4500
005 20200605123943.0
008 200530b xxu||||| |||| 00| 0 eng d
041 _aeng
082 _a340
100 _aBARE ACT
_95744
245 _aTHE DESIGNS ACT, 2000 (16-2000) THE DESIGNS RULES;2001
260 _aDELHI
_bPROFESSIONAL BOOK PUBLISHERS
300 _a62
650 _aLAW
_95701
942 _cBK
999 _c6641
_d6639